| 000 | 00879nam a2200217 i 4500 | ||
|---|---|---|---|
| 001 | 43569 | ||
| 003 | ES-MaACL | ||
| 005 | 20251120142803.0 | ||
| 007 | t| | ||
| 008 | 030318s1916 sp ||||1| spa d | ||
| 080 | _a821.134.2-31"15" | ||
| 100 | 1 |
_aCervantes Saavedra, Miguel de, _d1547-1616 _9226514 |
|
| 240 | 1 | 0 | _aDon Quijote de la Mancha |
| 245 | 1 | 3 |
_aEl ingenioso hidalgo Don Quijote de la Mancha / _ccompuesto por Miguel de Cervantes Saavedra ; edición crítica anotada por Francisco Rodríguez Marín. |
| 260 |
_aMadrid : _b[s.n.], _c1916 ( _fImp. de la Revista de Archivos, Bibliotecas y Museos) |
||
| 300 |
_a6 v. : _b2 retr. ; _c25 cm. |
||
| 600 | 1 | 4 |
_aCervantes Saavedra, Miguel de, _d1547-1616. _tDon Quijote de la Mancha _937612 |
| 700 | 1 |
_aRodríguez Marín, Francisco, _d1855-1943 _998634 |
|
| 852 |
_aES-MaACL _jB-2161-66 |
||
| 999 |
_c43569 _d43569 |
||